Statistics for Top 15 Most Populated Countries in the World!

Click here to take the quiz!

General Stats

  • This quiz has been taken 15 times
  • The average score is 12 of 15

Answer Stats

PopulationCountry% Correct
1,417,173,173India
100%
215,313,498Brazil
93%
1,425,887,337China
93%
123,951,692Japan
93%
127,504,125Mexico
93%
218,541,212Nigeria
93%
235,824,862Pakistan
93%
144,713,314Russia
93%
338,289,857USA
93%
171,186,372Bangladesh
86%
110,990,103Egypt
86%
123,379,924Ethiopia
57%
115,559,009Philippines
57%
98,186,856Vietnam
50%
99,010,212DRC
36%

Score Distribution

Percentile by Number Answered

Percent of People with Each Score

Your Score History

You have not taken this quiz